[Event "Belgrade-ch"]
[White "Abramovic, Bosko"]
[Black "Milenkovic, Jovica"]
[Site "Belgrade"]
[Round "2"]
[Result "1/2-1/2"]
[Date "2012.01.23"]
[WhiteElo "2447"]
[BlackElo "2183"]
[PlyCount "46"]
[EventDate "2012.01.22"]
[EventType "swiss"]
[EventRounds "9"]
[EventCountry "SRB"]
[SourceTitle "CBM 146 Extra"]
[Source "ChessBase"]
[SourceDate "2012.02.29"]
[SourceVersion "1"]
[SourceVersionDate "2012.02.29"]
[SourceQuality "1"]

1. d4 d5 2. c4 c6 3. Nf3 Nf6 4. cxd5 cxd5 5. Nc3 Nc6 6. Bf4 Ne4 7. e3 Qa5 8. Qb3 e6 9. Bd3 Nxc3 10. bxc3 Be7 11. 0-0 0-0 12. c4 Nb4 13. Be2 dxc4 14. Bxc4 b5 15. Be2 a6 16. e4 Qb6 17. Be3 Qd6 18. Rac1 Bb7 19. d5 Rfc8 20. a3 Nxd5 21. exd5 Bxd5 22. Rxc8+ Rxc8 23. Qb2 Qxa3 1/2-1/2

[Event "SRB-chT2 East CS"]
[White "Milenkovic, Jovica"]
[Black "Bozilov, Dragan"]
[Site "Serbia"]
[Round "6.37"]
[Result "1-0"]
[Date "2011.10.13"]
[WhiteElo "2184"]
[BlackElo "1887"]
[PlyCount "39"]
[EventDate "2011.09.11"]
[EventType "team"]
[EventRounds "11"]
[EventCountry "SRB"]
[SourceTitle "EXT 2015"]
[Source "ChessBase"]
[SourceDate "2014.11.20"]
[SourceVersion "1"]
[SourceVersionDate "2014.11.20"]
[SourceQuality "1"]

1. d4 c6 2. Nf3 Nf6 3. Bf4 d5 4. e3 Bg4 5. c4 dxc4 6. Bxc4 e6 7. h3 Bh5 8. Nc3 Bb4 9. 0-0 Qa5 10. Rc1 Bxc3 11. bxc3 Nd5 12. Bd6 Nxc3 13. Qb3 Ne4 14. Bb4 Qc7 15. g4 Bg6 16. Rfd1 a5 17. Ba3 Nd6 18. Bxd6 Qxd6 19. Qxb7 Be4 20. Ng5 1-0

[Event "YUG-chT"]
[White "Nestorovic, Dejan"]
[Black "Milenkovic, Jovica"]
[Site "Cetinje"]
[Round "9"]
[Result "0-1"]
[Date "1993.??.??"]
[WhiteElo "2350"]
[BlackElo "2225"]
[PlyCount "98"]
[EventDate "1993.??.??"]
[EventType "team-tourn"]
[EventRounds "11"]
[EventCountry "YUG"]
[SourceTitle "TD"]
[Source "ChessBase"]
[SourceDate "1994.03.01"]
[SourceVersion "1"]
[SourceVersionDate "1994.03.01"]
[SourceQuality "1"]

1. d4 d5 2. Nf3 Nf6 3. c4 c6 4. e3 e6 5. Nc3 Nbd7 6. Qc2 Bd6 7. g4 dxc4 8. g5 Nd5 9. Bxc4 b5 10. Be2 Bb7 11. Ne4 Be7 12. Bd2 Rc8 13. Nc5 Nxc5 14. dxc5 Bxg5 15. 0-0-0 Bh6 16. Ne5 Qe7 17. Ng4 Bg5 18. f4 Bh4 19. e4 Nf6 20. Nxf6+ Bxf6 21. Ba5 0-0 22. e5 Bh4 23. Rd6 Bf2 24. Rf1 Qh4 25. Bd3 Be3+ 26. Kb1 Bxf4 27. Rd4 g5 28. Rg1 Kh8 29. Be1 Qh3 30. Bf1 Qe3 31. Bf2 Qf3 32. Bg2 Qh5 33. h4 h6 34. Rd7 Rcd8 35. Qd3 Rxd7 36. Qxd7 Bc8 37. Qxc6 Qg6+ 38. Ka1 Bxe5 39. hxg5 Qc2 40. Qxb5 Qxf2 41. Rh1 Bg7 42. gxh6 Bf6 43. Be4 Qf4 44. Qc4 Qe5 45. Qc2 a5 46. c6 Rd8 47. Rg1 Rg8 48. Rxg8+ Kxg8 49. Kb1 Kh8 0-1

[Event "YUG-chT"]
[White "Vratonjic, Slobodan"]
[Black "Milenkovic, Jovica"]
[Site "Cetinje"]
[Round "4"]
[Result "1-0"]
[Date "1993.??.??"]
[WhiteElo "2285"]
[BlackElo "2225"]
[PlyCount "77"]
[EventDate "1993.??.??"]
[EventType "team-tourn"]
[EventRounds "11"]
[EventCountry "YUG"]
[SourceTitle "EXT 2002"]
[Source "ChessBase"]
[SourceDate "2001.11.25"]
[SourceVersion "1"]
[SourceVersionDate "2001.11.25"]
[SourceQuality "1"]

1. e4 Nf6 2. e5 Nd5 3. d4 d6 4. Nf3 dxe5 5. Nxe5 g6 6. Bc4 c6 7. 0-0 Bg7 8. Re1 0-0 9. Bb3 Be6 10. h3 Nd7 11. Nf3 Nc7 12. c3 Bd5 13. Nbd2 c5 14. Bxd5 Nxd5 15. Qb3 N5b6 16. d5 Nf6 17. c4 Ne8 18. Ne4 Nd6 19. Nxd6 exd6 20. Bg5 Bf6 21. Bf4 Qd7 22. a4 Rae8 23. a5 Nc8 24. Bh6 Bg7 25. Bxg7 Kxg7 26. Qc3+ Kg8 27. Nd2 Qf5 28. f3 f6 29. Ne4 Re5 30. b4 b6 31. axb6 axb6 32. bxc5 bxc5 33. Ra8 Kg7 34. Rb1 Qd7 35. Rbb8 Ree8 36. Qb2 Qf5 37. Rxc8 Rxc8 38. Rxc8 Rxc8 39. Nxd6 1-0